[Event "Kaltern/Tramin-Steinegg"]
[Site "?"]
[Date "2018.01.27"]
[Round "6.4"]
[White "Comai, Samuele"]
[Black "Lantschner, Carmen"]
[Result "0-1"]
[WhiteElo "1812"]
[BlackElo "1624"]
[PlyCount "92"]
[EventDate "2018.01.27"]

1. d4 d6 2. Bf4 g6 3. Nf3 Bg7 4. e3 Nf6 5. Be2 O-O 6. O-O Bf5 7. c4 h6 8. h3
Nc6 9. Nc3 Re8 10. d5 Nb4 11. Nd4 Bd7 12. a3 Na6 13. Rc1 c6 14. Bh2 cxd5 15.
cxd5 Nc5 16. Bf3 Rc8 17. b4 Na6 18. Qb3 Nc7 19. b5 e5 20. dxe6 Bxe6 21. Nxe6
Nxe6 22. Rfd1 Nc5 23. Qb4 Bf8 24. Nd5 b6 25. Bg3 Kg7 26. Qb2 Ncd7 27. Rxc8 Qxc8
28. Nxf6 Nxf6 29. Bxd6 Bxd6 30. Rxd6 Qf5 31. Rd7 Qxd7 32. Bc6 Qd1+ 33. Kh2 Qd6+
34. g3 Rd8 35. Kg2 Kf8 36. e4 Qd4 37. Qc1 Kg7 38. Qf4 Nd7 39. Qc7 Ne5 40. Bd5
Rd7 41. Qc8 Rxd5 42. exd5 Qxd5+ 43. Kf1 Qxb5+ 44. Ke1 Nf3+ 45. Kd1 Qf1+ 46. Kc2
Qxf2+ 0-1

[Event "Kaltern/Tramin-Steinegg"]
[Site "?"]
[Date "2018.01.27"]
[Round "6.5"]
[White "Resch, Aaron"]
[Black "Dallaglio, Giovanni"]
[Result "1/2-1/2"]
[WhiteElo "1751"]
[BlackElo "1800"]
[PlyCount "155"]
[EventDate "2018.01.27"]

1. b3 d5 2. Bb2 e6 3. g3 Nf6 4. Bg2 Be7 5. d3 O-O 6. Nd2 b6 7. e3 Bb7 8. Ne2 c5
9. O-O Qc7 10. Rc1 Nc6 11. a3 Rfd8 12. h3 d4 13. e4 Ne8 14. f4 f5 15. e5 Qd7
16. Rb1 Nc7 17. Bc1 Na5 18. Nc4 Bxg2 19. Kxg2 Nd5 20. Nxa5 bxa5 21. a4 Rab8 22.
Qe1 Qb7 23. Kh2 Nb4 24. Qd1 Qc6 25. Bd2 Kh8 26. Ng1 Rbc8 27. Nf3 c4 28. Bxb4
axb4 29. dxc4 Bc5 30. Ne1 g6 31. Nd3 Rd7 32. Qe1 a5 33. Nxc5 Qxc5 34. Rd1 Rcd8
35. Qf2 g5 36. Rd3 gxf4 37. gxf4 Rg8 38. Rfd1 Rdg7 39. Qf3 Rg2+ 40. Qxg2 Rxg2+
41. Kxg2 Qc6+ 42. Kg3 Qe4 43. R1d2 Kg7 44. Rxd4 Qe3+ 45. Kg2 Kh6 46. c5 Kh5 47.
Rd7 Qxf4 48. Rxh7+ Kg6 49. Rhd7 Qe4+ 50. Kf1 Qxe5 51. R7d6 Qxc5 52. Rxe6+ Kf7
53. Red6 Qe3 54. R6d3 Qf4+ 55. Rf2 Qc1+ 56. Kg2 Kg6 57. Rdf3 Qe1 58. Rxf5 Qe4+
59. R5f3 Kh5 60. Kh2 Qe5+ 61. Rg3 Kh4 62. Rfg2 Qf4 63. Kh1 Qc1+ 64. Rg1 Qxc2
65. Rg4+ Kh5 66. Rg5+ Kh6 67. h4 Qe4+ 68. R1g2 Qe1+ 69. Kh2 Qxh4+ 70. Kg1 Qxg5
71. Rxg5 Kxg5 72. Kf1 Kf4 73. Kf2 Ke4 74. Ke2 Kd4 75. Kd2 Ke4 76. Ke2 Kd4 77.
Kd2 Ke4 78. Ke2 1/2-1/2

[Event "Kaltern/Tramin-Steinegg"]
[Site "?"]
[Date "2018.01.27"]
[Round "6.6"]
[White "Thaler, Elmar"]
[Black "Schroffenegger, Simon"]
[Result "1-0"]
[WhiteElo "1736"]
[BlackElo "1406"]
[PlyCount "109"]
[EventDate "2018.01.27"]

1. d4 d5 2. c4 Nf6 3. Nc3 e6 4. Bg5 Nbd7 5. e3 c6 6. Bd3 Qa5 7. Bxf6 Nxf6 8.
Nf3 Bb4 9. Qc2 dxc4 10. Bxc4 Nd5 11. Rc1 b5 12. Bd3 h6 13. O-O Bxc3 14. bxc3
Qc7 15. a3 O-O 16. c4 bxc4 17. Bxc4 Ne7 18. Bd3 a5 19. Qc5 Ba6 20. Rfd1 Bxd3
21. Rxd3 Qb7 22. Nd2 Qb5 23. Rb3 Qxc5 24. Rxc5 a4 25. Rb7 Rfe8 26. g3 Kf8 27.
Nc4 Reb8 28. Rxb8+ Rxb8 29. Ra5 Nd5 30. Rxa4 Ke8 31. Ra7 Rb1+ 32. Kg2 Ra1 33.
Nd6+ Kf8 34. Nxf7 Ra2 35. Kf3 Nc3 36. Ne5 Rc2 37. Rb7 Nd1 38. Nd3 Ra2 39. Rb3
Ke7 40. h4 Kf6 41. g4 Rc2 42. Rb8 Rc3 43. Ke4 Rxa3 44. f4 Nc3+ 45. Kf3 Nd5 46.
g5+ hxg5 47. hxg5+ Kg6 48. Ne5+ Kh7 49. Ng4 Rc3 50. Re8 Rc1 51. Rxe6 Nc7 52.
Re7 Nd5 53. Nf6+ Kg6 54. Nxd5 cxd5 55. Rd7 1-0

[Event "Kaltern/Tramin2-Arci"]
[Site "?"]
[Date "2018.01.27"]
[Round "6.1"]
[White "Adzic, Ranko"]
[Black "Roner, Sigmund"]
[Result "1-0"]
[WhiteElo "1916"]
[BlackElo "1487"]
[PlyCount "55"]
[EventDate "2018.01.27"]

1. e4 c5 2. Nf3 Nc6 3. d4 cxd4 4. Nxd4 e5 5. Nxc6 dxc6 6. Bd3 Nf6 7. Nc3 Be7 8.
h3 O-O 9. Be3 b5 10. Qd2 a6 11. a3 Be6 12. O-O c5 13. b3 Qc7 14. Nd5 Bxd5 15.
exd5 c4 16. bxc4 bxc4 17. d6 Bxd6 18. Bxc4 Rfd8 19. Qe2 a5 20. Bg5 h6 21. Bxf6
gxf6 22. Qg4+ Kf8 23. Bd3 Ke7 24. f4 Rg8 25. Qf5 Rg3 26. fxe5 Bxe5 27. Rae1
Rag8 28. Qxf6+ 1-0

[Event "Kaltern/Tramin2-Arci"]
[Site "?"]
[Date "2018.01.27"]
[Round "6.2"]
[White "Unterkofler, Alex"]
[Black "Rinaldo, Gaetano"]
[Result "1-0"]
[WhiteElo "1680"]
[BlackElo "1771"]
[PlyCount "38"]
[EventDate "2018.01.27"]

1. e4 e6 2. d4 d5 3. Nc3 Bb4 4. Qg4 Nf6 5. Qxg7 Rg8 6. Qh6 dxe4 7. Nge2 Nbd7 8.
Bg5 Rg6 9. Qh4 c5 10. O-O-O Qa5 11. dxc5 Bxc5 12. Bxf6 Nxf6 13. Nf4 Bxf2 14.
Qxf2 Qg5 15. Kb1 Rg8 16. Bb5+ Ke7 17. Rhf1 a6 18. Be2 Rf8 19. Qd4 Rd8 1-0

[Event "Kaltern/Tramin2-Arci"]
[Site "?"]
[Date "2018.01.27"]
[Round "6.3"]
[White "Perino, Alberto"]
[Black "Leimgruber, Erich"]
[Result "1/2-1/2"]
[WhiteElo "1814"]
[BlackElo "1631"]
[PlyCount "89"]
[EventDate "2018.01.27"]

1. e4 e5 2. d4 exd4 3. c3 Nf6 4. e5 Nd5 5. cxd4 Bb4+ 6. Bd2 Bxd2+ 7. Nxd2 O-O
8. Ngf3 d6 9. Bc4 Nb6 10. O-O dxe5 11. dxe5 Nxc4 12. Nxc4 Nc6 13. Qc2 Nd4 14.
Nxd4 Qxd4 15. Rfe1 b6 16. Rad1 Qc5 17. Qe4 Rb8 18. Ne3 Be6 19. Rc1 Qe7 20. Qc6
Rbc8 21. Qb7 a5 22. Rc6 Bxa2 23. Ra1 Bb3 24. Rxb6 a4 25. Rb5 f6 26. Nf5 Qe6 27.
exf6 Qxf6 28. Re1 Be6 29. Rxe6 Qxe6 30. Ne3 Rb8 31. Qxb8 Rxb8 32. Rxb8+ Kf7 33.
g3 Ke7 34. Rb4 Qa6 35. Rh4 h6 36. Rg4 g5 37. h4 Qb5 38. hxg5 hxg5 39. Rb4 Qc5
40. Rc4 Qa5 41. Rxc7+ Kd8 42. Rc4 Qb5 43. Rg4 Qxb2 44. Rxa4 Qc1+ 45. Kh2
1/2-1/2

[Event "Kaltern/Tramin2-Arci"]
[Site "?"]
[Date "2018.01.27"]
[Round "6.4"]
[White "Sanin, Wilfried"]
[Black "Moser, Gabriele"]
[Result "0-1"]
[WhiteElo "1522"]
[BlackElo "1885"]
[PlyCount "122"]
[EventDate "2018.01.27"]

1. d4 Nf6 2. Nc3 g6 3. h3 d6 4. Bf4 Bg7 5. e3 O-O 6. Bd3 c5 7. dxc5 dxc5 8. Nf3
Nc6 9. a3 a6 10. O-O b5 11. Rb1 Bb7 12. Ne4 Qb6 13. c3 Nd5 14. Bg3 Rad8 15. Qc2
e5 16. c4 f5 17. cxd5 fxe4 18. Bxe4 Ne7 19. Bxe5 Bxe5 20. Nxe5 Bxd5 21. Bxd5+
Rxd5 22. Ng4 Nf5 23. Qc3 h5 24. Ne5 Qf6 25. Nf3 Qxc3 26. bxc3 Rd3 27. Rbc1 Kg7
28. Ng5 Re8 29. Rfd1 Rxd1+ 30. Rxd1 Kf6 31. Nf3 Ke6 32. Ng5+ Kf6 33. Nf3 Re4
34. Nd2 Ra4 35. Nb1 Ke6 36. g3 Nd6 37. Kg2 Nc4 38. Rd8 Nxa3 39. Nd2 Nc4 40. Nb3
Ra2 41. Nxc5+ Ke7 42. Rd3 a5 43. g4 hxg4 44. hxg4 a4 45. Kg3 Rd2 46. f4 a3 47.
Kf3 Rxd3 48. Nxd3 a2 49. Nb4 a1=Q 50. Ke4 Kd7 51. f5 gxf5+ 52. gxf5 Qxc3 53.
Nd3 Nd2+ 54. Kf4 Qxd3 55. Kg5 Qxe3+ 56. Kf6 Ne4+ 57. Kg6 Qg5+ 58. Kf7 Qf6+ 59.
Kg8 Qe7 60. Kh8 Ng5 61. f6 Qh7# 0-1

[Event "Kaltern/Tramin2-Arci"]
[Site "?"]
[Date "2018.01.27"]
[Round "6.5"]
[White "D'Ambrosio, Luca"]
[Black "Steinegger, Elmar"]
[Result "1-0"]
[WhiteElo "1775"]
[BlackElo "1543"]
[PlyCount "87"]
[EventDate "2018.01.27"]

1. d4 Nf6 2. Bg5 e6 3. e4 Be7 4. e5 Nd5 5. Bxe7 Qxe7 6. Qd2 b6 7. a3 c6 8. c4
Nc7 9. Nc3 d5 10. cxd5 cxd5 11. Bd3 O-O 12. Rc1 Ba6 13. Bb1 g6 14. h4 f5 15. f4
Ne8 16. h5 Ng7 17. hxg6 hxg6 18. g4 Kf7 19. gxf5 gxf5 20. Qg2 Bc4 21. Rh7 Rg8
22. Nf3 Nc6 23. Kd2 Rac8 24. Rg1 Kf8 25. Nh4 Qf7 26. Ng6+ Ke8 27. Nh8 Qe7 28.
Rxg7 Rxg7 29. Qxg7 Qxg7 30. Rxg7 Nxd4 31. Rg8+ Kd7 32. Rxc8 Kxc8 33. Nf7 Kd7
34. Ng5 a5 35. Ke3 Nc6 36. Ne2 b5 37. Nd4 Nxd4 38. Kxd4 b4 39. axb4 axb4 40.
Bd3 Ba2 41. Kc5 b3 42. Kb6 Ke7 43. Kc7 d4 44. Nf3 1-0

[Event "Kaltern/Tramin3-Arci2"]
[Site "?"]
[Date "2018.01.27"]
[Round "6.1"]
[White "Benvenuto, Alexander"]
[Black "Dibiasi, Rainer"]
[Result "1-0"]
[WhiteElo "1671"]
[BlackElo "1821"]
[PlyCount "54"]
[EventDate "2018.01.27"]

1. d4 Nf6 2. Nf3 e6 3. Nbd2 d5 4. e3 a6 5. Bd3 c5 6. c3 Be7 7. O-O b6 8. e4
dxe4 9. Nxe4 Bb7 10. Nxf6+ gxf6 11. Re1 f5 12. Bf4 O-O 13. Bh6 Re8 14. Be2 Nd7
15. Qd3 Bf6 16. Rad1 Qc7 17. Qe3 Qc6 18. Bf1 Qe4 19. dxc5 Nxc5 20. Rd6 Qxe3 21.
Bxe3 Na4 22. Bxb6 Be7 23. Rd7 Bxf3 24. gxf3 Nxb6 25. Rd4 Bc5 26. Rh4 Red8 27.
Re2 Rd7 1-0

[Event "Kaltern/Tramin3-Arci2"]
[Site "?"]
[Date "2018.01.27"]
[Round "6.2"]
[White "Maier, Fridolin"]
[Black "Feichter, Matthias"]
[Result "1/2-1/2"]
[WhiteElo "1678"]
[BlackElo "1546"]
[PlyCount "82"]
[EventDate "2018.01.27"]

1. e4 e5 2. Nc3 Nf6 3. f4 d6 4. Nf3 Nc6 5. Bc4 Be7 6. d3 Bg4 7. h3 Be6 8. Bxe6
fxe6 9. fxe5 dxe5 10. Be3 h6 11. O-O Bd6 12. Nh4 g5 13. Qf3 Rf8 14. Ng6 Rf7 15.
h4 Qd7 16. hxg5 hxg5 17. Nh8 Rf8 18. Bxg5 Rxh8 19. Bxf6 Bc5+ 20. Rf2 Bxf2+ 21.
Qxf2 Rf8 22. Rf1 Qf7 23. g4 Qg6 24. g5 Kd7 25. Qh4 Rg8 26. Ne2 Raf8 27. Ng3 Nd4
28. Rf2 Ne2+ 29. Rxe2 Rxf6 30. gxf6 Qxg3+ 31. Qxg3 Rxg3+ 32. Kf2 Rg6 33. Ke3
Rxf6 34. Rh2 Rg6 35. Rh7+ Kd6 36. Kd2 Rg2+ 37. Kc3 Rf2 38. b4 Rf8 39. a4 a6 40.
b5 axb5 41. axb5 b6 1/2-1/2

[Event "Klausen-Groeden "]
[Site "?"]
[Date "2018.01.27"]
[Round "6.1"]
[White "Seresin, Francesco"]
[Black "Schacher, Gerd"]
[Result "1/2-1/2"]
[WhiteElo "2191"]
[BlackElo "2282"]
[PlyCount "85"]
[EventDate "2018.01.27"]

1. d4 g6 2. Nf3 Bg7 3. e4 d6 4. Bc4 e6 5. Bb3 Ne7 6. O-O b6 7. Re1 Nd7 8. Nbd2
Bb7 9. c3 O-O 10. Nf1 c5 11. Ng3 cxd4 12. cxd4 Nf6 13. Bf4 Rc8 14. h4 Nc6 15.
h5 Nxh5 16. Nxh5 gxh5 17. d5 exd5 18. Qxd5 Na5 19. Qxh5 Qf6 20. Qh2 Nxb3 21.
axb3 Rfe8 22. Nd2 Qxb2 23. Qg3 Qc3 24. Rxa7 Qxg3 25. Bxg3 Bd5 26. f3 b5 27. Kh1
Be6 28. Rb7 Rc2 29. Nf1 Bxb3 30. Rxb5 Bc4 31. Ne3 Bxb5 32. Nxc2 Be5 33. Bxe5
dxe5 34. Ne3 Bd7 35. Nc4 f6 36. Kh2 Be6 37. Ne3 Kf7 38. Ra1 Re7 39. Kg3 Rb7 40.
Ra6 Rb3 41. Ra7+ Kg6 42. Kf2 Rb2+ 43. Kg3 1/2-1/2

[Event "Klausen-Groeden "]
[Site "?"]
[Date "2018.01.27"]
[Round "6.2"]
[White "Seebacher, Michael"]
[Black "Moroder, Stephan"]
[Result "1/2-1/2"]
[WhiteElo "1944"]
[BlackElo "2160"]
[PlyCount "60"]
[EventDate "2018.01.27"]

1. e4 c5 2. b4 cxb4 3. a3 bxa3 4. Nxa3 d6 5. d4 g6 6. Nf3 Bg7 7. Bc4 Nf6 8. Qd3
O-O 9. O-O d5 10. exd5 Nxd5 11. Nb5 Nb6 12. Bb3 a6 13. Nc3 Nc6 14. Rd1 Bf5 15.
Qe2 Bg4 16. Be3 Rc8 17. Ne4 Nd5 18. c4 Na5 19. Qa2 Nxe3 20. fxe3 b6 21. c5 Nxb3
22. Qxb3 Bf5 23. Ng3 bxc5 24. Nxf5 gxf5 25. Rxa6 c4 26. Qc3 Qd5 27. Ra5 Qd7 28.
Rc1 Rc7 29. Qc2 e6 30. Ra4 Rfc8 1/2-1/2

[Event "Klausen-Groeden "]
[Site "?"]
[Date "2018.01.27"]
[Round "6.3"]
[White "Demetz, Rainer"]
[Black "Seebacher, Reinhard"]
[Result "1-0"]
[WhiteElo "2187"]
[BlackElo "1883"]
[PlyCount "72"]
[EventDate "2018.01.27"]

1. e4 b6 2. d4 Bb7 3. Bd3 Nf6 4. Qe2 Nc6 5. c3 e5 6. d5 Ne7 7. Nf3 Ng6 8. O-O
a6 9. Be3 Be7 10. Na3 O-O 11. Nc4 d6 12. Ne1 Bc8 13. g3 Bh3 14. Ng2 Ng4 15. f3
Nxe3 16. Ncxe3 Bg5 17. Rf2 Bxe3 18. Nxe3 Qg5 19. Kh1 Bd7 20. Rg1 Qh6 21. Ng2
Bh3 22. Bxa6 f5 23. exf5 Bxf5 24. a3 Qh3 25. Ne3 Bd7 26. Bd3 Rf6 27. Be4 Raf8
28. Qc4 h5 29. Qf1 Qxf1 30. Rfxf1 Ne7 31. Kg2 g5 32. Rf2 Kg7 33. Rgf1 Nf5 34.
Nxf5+ Bxf5 35. h3 g4 36. hxg4 Bd7 1-0

[Event "Klausen-Groeden "]
[Site "?"]
[Date "2018.01.27"]
[Round "6.4"]
[White "Schrott, Karl"]
[Black "Bernardi, Ruben"]
[Result "0-1"]
[WhiteElo "1988"]
[BlackElo "2107"]
[PlyCount "152"]
[EventDate "2018.01.27"]

1. e4 e6 2. Nf3 d5 3. exd5 exd5 4. d4 Bd6 5. Bd3 Bg4 6. O-O Nc6 7. c3 Qd7 8.
Re1+ Nge7 9. Nbd2 f6 10. b4 O-O 11. Qc2 Bf5 12. Nb3 Bxd3 13. Qxd3 Rae8 14. Bd2
Kh8 15. a4 Ng6 16. h3 Qf7 17. b5 Nd8 18. Qf5 Re4 19. Nc5 Bxc5 20. dxc5 Ne7 21.
Qd7 Ne6 22. Rxe4 dxe4 23. Nd4 Nxc5 24. Qxc7 Rc8 25. Qd6 Ng6 26. f4 Qc4 27. Nf5
Qe6 28. Qxe6 Nxe6 29. g3 Rd8 30. Be3 Rd5 31. Nd4 Nc5 32. a5 Kg8 33. Kf2 Ne7 34.
Ke2 Kf7 35. a6 b6 36. g4 g6 37. Ra2 Ke8 38. Rb2 Nd3 39. Rb1 Rd7 40. Ra1 Rc7 41.
Ra3 f5 42. Ne6 Rc8 43. Nd4 Kf7 44. Kd2 Kf6 45. Ra1 Rc7 46. Rh1 Nd5 47. Nc6
N3xf4 48. Bd4+ Ke6 49. c4 Ne7 50. Bxb6 Rd7+ 51. Kc2 Nxc6 52. bxc6 Rd6 53. Bxa7
Rxc6 54. Bb8 Nd5 55. a7 Nb6 56. Kb3 Na8 57. Ra1 Kd7 58. Ra5 Rf6 59. g5 Rf7 60.
Bf4 Kc6 61. Ra6+ Kb7 62. Rf6 Rd7 63. Bb8 Re7 64. Kc2 Rd7 65. Re6 Rf7 66. Rf6
Rd7 67. c5 Rd5 68. c6+ Kb6 69. c7+ Kb7 70. Rf7 Rc5+ 71. Kd2 Nb6 72. Rxh7 Nc8
73. Rg7 Rc6 74. Ke3 Rc3+ 75. Kd4 Rxh3 76. Rg8 Ra3 0-1

[Event "Klausen-Groeden "]
[Site "?"]
[Date "2018.01.27"]
[Round "6.5"]
[White "Moroder, Thomas"]
[Black "Schrott, Ernst"]
[Result "1-0"]
[WhiteElo "1980"]
[BlackElo "1884"]
[PlyCount "62"]
[EventDate "2018.01.27"]

1. e4 c5 2. Nf3 Nc6 3. Bb5 e6 4. O-O Nge7 5. Re1 a6 6. Bf1 d5 7. exd5 Nxd5 8.
d3 Be7 9. Nbd2 O-O 10. g3 b5 11. a4 Bb7 12. Bg2 Qc7 13. c3 Rfd8 14. axb5 axb5
15. Rxa8 Bxa8 16. Qe2 Nf6 17. Ng5 Qd7 18. d4 cxd4 19. Qxb5 Nd5 20. Nde4 Rb8 21.
Qc4 dxc3 22. Nxc3 Ncb4 23. Nge4 Nxc3 24. bxc3 Rc8 25. Qe2 Nd5 26. Bb2 Qa4 27.
Ra1 Qb3 28. c4 Nb6 29. c5 Na4 30. Rxa4 Qxa4 31. Qg4 Kf8 1-0

[Event "Klausen-Groeden "]
[Site "?"]
[Date "2018.01.27"]
[Round "6.6"]
[White "Schrott, Johann"]
[Black "Dejori, David"]
[Result "0-1"]
[WhiteElo "1844"]
[BlackElo "1765"]
[PlyCount "68"]
[EventDate "2018.01.27"]

1. e4 d5 2. exd5 Qxd5 3. Nc3 Qa5 4. Nf3 Nf6 5. Be2 Bg4 6. h3 Bh5 7. d3 e6 8.
Bd2 Nbd7 9. Ne4 Qb6 10. Nc3 c6 11. O-O Bd6 12. Ng5 Bg6 13. a4 O-O 14. a5 Qc7
15. h4 h6 16. h5 Bh7 17. Nxh7 Nxh7 18. Qc1 Ndf6 19. Kh1 Qd8 20. g3 Bc7 21. a6
Rb8 22. Bf3 Nd5 23. Ne4 Be5 24. c3 Ndf6 25. Nxf6+ Qxf6 26. Kg2 b6 27. Ra4 Rbd8
28. d4 Bb8 29. Bxc6 e5 30. d5 Qf5 31. Rh1 e4 32. Rh4 Qf3+ 33. Kh3 Qxf2 34. Qe1
Ng5+ 0-1

[Event "Naturns-Deutschnofen"]
[Site "?"]
[Date "2018.01.27"]
[Round "6.1"]
[White "Manca, Federico"]
[Black "La Manna, Andrea"]
[Result "1-0"]
[WhiteElo "2411"]
[BlackElo "2157"]
[PlyCount "49"]
[EventDate "2018.01.27"]

1. e4 d5 2. exd5 Qxd5 3. Nc3 Qa5 4. d4 Nf6 5. Nf3 Bf5 6. Bc4 e6 7. Bd2 c6 8.
Nd5 Qd8 9. Nxf6+ Qxf6 10. Qe2 Bg4 11. d5 Bxf3 12. gxf3 cxd5 13. Bxd5 Nc6 14.
Bxc6+ bxc6 15. Qe4 Rc8 16. O-O-O Ba3 17. c3 Bc5 18. Rhg1 O-O 19. Bg5 Qg6 20.
Qh4 Kh8 21. Be3 Qf5 22. Bxc5 Qxc5 23. Rxg7 Qf5 24. Rdg1 Rcd8 25. Rxh7+ 1-0

[Event "Naturns-Deutschnofen"]
[Site "?"]
[Date "2018.01.27"]
[Round "6.2"]
[White "Unterthurner, Hans"]
[Black "Dappiano, Andrea"]
[Result "0-1"]
[WhiteElo "1933"]
[BlackElo "2258"]
[PlyCount "110"]
[EventDate "2018.01.27"]

1. e4 e6 2. d4 d5 3. Nc3 Bb4 4. e5 c5 5. a3 Bxc3+ 6. bxc3 Ne7 7. Nf3 Nbc6 8.
Bd3 Qa5 9. O-O b6 10. Be3 cxd4 11. cxd4 Ba6 12. Qe2 Bxd3 13. Qxd3 Qa4 14. Bd2
Nf5 15. Bb4 a5 16. Bc3 O-O 17. g4 Nfe7 18. Ng5 Ng6 19. f4 h6 20. Nh3 f5 21.
exf6 Rxf6 22. g5 Rf5 23. gxh6 gxh6 24. Rae1 Kf7 25. Bb2 Nce7 26. Re2 Rc8 27.
Rfe1 Rc6 28. Bc1 Qc4 29. Qe3 Rf6 30. Qf2 Nf5 31. Bb2 Nd6 32. Qg2 Nh4 33. Qg4
Rg6 34. Ng5+ hxg5 35. fxg5 Ndf5 36. Rf2 Kg7 37. Kh1 Qa2 38. c3 Rxc3 39. Rfe2
Rc6 40. Bc1 Rc2 41. Rxc2 Qxc2 42. Bf4 Qf2 43. Rb1 Kf7 44. Be5 b5 45. Rc1 Qf3+
46. Qxf3 Nxf3 47. Rc7+ Ke8 48. Kg2 Nxe5 49. dxe5 Rxg5+ 50. Kf2 Rh5 51. Ra7
Rxh2+ 52. Kg1 Re2 53. Rxa5 Nd4 54. a4 bxa4 55. Rxa4 Nc6 0-1

[Event "Naturns-Deutschnofen"]
[Site "?"]
[Date "2018.01.27"]
[Round "6.3"]
[White "Zamengo, Fulvio"]
[Black "Naegele, Norbert"]
[Result "1-0"]
[WhiteElo "2304"]
[BlackElo "1847"]
[PlyCount "83"]
[EventDate "2018.01.27"]

1. e4 g6 2. d4 Bg7 3. Nc3 d6 4. Be3 a6 5. a4 Nc6 6. Nge2 e5 7. a5 Nf6 8. d5 Ne7
9. h3 O-O 10. g4 Ne8 11. f3 f5 12. g5 Bd7 13. Qd2 c5 14. h4 b5 15. axb6 Qxb6
16. b3 Qb4 17. Na4 a5 18. Nb2 fxe4 19. Qxb4 cxb4 20. fxe4 Nc8 21. Nc4 Nc7 22.
Rxa5 Rxa5 23. Nxa5 Ne7 24. Bd2 Rb8 25. Nc4 Nc8 26. Bh3 Bxh3 27. Rxh3 Na6 28.
Be3 Rb7 29. Nc1 Bf8 30. Nd3 Be7 31. Ke2 Kg7 32. Rh1 Nb8 33. Ra1 Nd7 34. Ra4 Nc5
35. Bxc5 dxc5 36. Ndxe5 Nd6 37. Nxd6 Bxd6 38. Nc6 Bg3 39. Kf3 Bxh4 40. Kg4 Bf2
41. e5 c4 42. Rxb4 1-0

[Event "Naturns-Deutschnofen"]
[Site "?"]
[Date "2018.01.27"]
[Round "6.4"]
[White "Gurschler, Thomas"]
[Black "Micheli, Carlo"]
[Result "0-1"]
[WhiteElo "1837"]
[BlackElo "2235"]
[PlyCount "54"]
[EventDate "2018.01.27"]

1. d4 c5 2. d5 g6 3. c4 Bg7 4. Nc3 d6 5. e4 e5 6. Bd3 Ne7 7. Nge2 O-O 8. O-O f5
9. f3 Nd7 10. Rb1 a6 11. Bd2 b6 12. Qc2 Rf7 13. f4 Nf6 14. Ng3 Ng4 15. exf5
exf4 16. Bxf4 Bd4+ 17. Kh1 Nxf5 18. Nxf5 gxf5 19. g3 Qf6 20. Qd2 Bd7 21. Rbe1
Qg6 22. Ne2 Bf2 23. Rd1 Re8 24. Ng1 Be3 25. Qc3 Qh5 26. Qc2 Bxf4 27. Rxf4 Ne3
0-1

[Event "Naturns-Deutschnofen"]
[Site "?"]
[Date "2018.01.27"]
[Round "6.5"]
[White "Tonina, Filippo"]
[Black "Gurschler, Gregor"]
[Result "1-0"]
[WhiteElo "1964"]
[BlackElo "1796"]
[PlyCount "81"]
[EventDate "2018.01.27"]

1. d4 d6 2. e4 Nf6 3. Nc3 g6 4. Be2 Bg7 5. h3 O-O 6. Nf3 c5 7. Be3 cxd4 8. Nxd4
Nc6 9. O-O Bd7 10. Qd2 Nxd4 11. Bxd4 Qa5 12. Rad1 Bc6 13. f3 a6 14. Nd5 Qd8 15.
Nxf6+ exf6 16. Be3 f5 17. exf5 d5 18. fxg6 hxg6 19. Bd4 Qh4 20. Bxg7 Kxg7 21.
Qd4+ Qxd4+ 22. Rxd4 Rfe8 23. Re1 Re5 24. Kf2 Rae8 25. Rdd1 R8e7 26. Bd3 Rxe1
27. Rxe1 Rd7 28. Ke3 Kf6 29. Kd4 Rd8 30. f4 Rf8 31. Bf1 Ra8 32. c3 Rh8 33. g3
Rd8 34. Bg2 Rd6 35. Re5 Rd8 36. Bxd5 Bxd5 37. Rxd5 Rh8 38. h4 Ke6 39. Re5+ Kd6
40. c4 Rd8 41. Rd5+ 1-0

[Event "Naturns-Deutschnofen"]
[Site "?"]
[Date "2018.01.27"]
[Round "6.6"]
[White "Naegele, Raimund"]
[Black "Thurner, Markus"]
[Result "0-1"]
[WhiteElo "1658"]
[BlackElo "1910"]
[PlyCount "58"]
[EventDate "2018.01.27"]

1. Nf3 e6 2. g3 f5 3. Bg2 Nf6 4. O-O Be7 5. d3 O-O 6. Nbd2 d6 7. e4 fxe4 8.
dxe4 e5 9. c3 Qe8 10. Qb3+ Qf7 11. Qxf7+ Rxf7 12. Re1 Rf8 13. Nf1 Nbd7 14. Bg5
Nc5 15. Rad1 Be6 16. b3 Rae8 17. Bxf6 Bxf6 18. N3d2 Bg5 19. Nf3 Bh6 20. N1d2
Bg4 21. h3 Bxd2 22. hxg4 Bxe1 23. Nxe1 Re7 24. Nc2 Ref7 25. f3 Nd7 26. Ne3 g6
27. Nd5 Kg7 28. Rd3 b6 29. Nb4 Nc5 0-1

[Event "Taufers-Lana"]
[Site "?"]
[Date "2018.01.27"]
[Round "6.1"]
[White "Pichler, Norbert"]
[Black "Forer, Erich"]
[Result "1/2-1/2"]
[WhiteElo "1904"]
[BlackElo "1848"]
[PlyCount "72"]
[EventDate "2018.01.27"]

1. d4 Nf6 2. Nf3 e6 3. c4 b6 4. Nc3 Bb4 5. Qc2 Nc6 6. a3 Bxc3+ 7. Qxc3 h6 8.
Nd2 d6 9. e4 e5 10. dxe5 dxe5 11. c5 Qd4 12. Bb5 Bd7 13. Bxc6 Bxc6 14. Qxd4
exd4 15. cxb6 axb6 16. f3 O-O 17. Nb3 Rfd8 18. Bf4 Ne8 19. Nd2 Bb5 20. Rc1 c5
21. Nc4 Bxc4 22. Rxc4 Nd6 23. Bxd6 Rxd6 24. Kd2 Kf8 25. Rhc1 g5 26. b4 Rxa3 27.
bxc5 bxc5 28. Rxc5 Ra2+ 29. R1c2 Ra1 30. Rc6 Rxc6 31. Rxc6 Kg7 32. Rc2 Ra3 33.
Rb2 h5 34. Ke2 h4 35. g3 hxg3 36. hxg3 g4 1/2-1/2

[Event "Arci2-Taufers"]
[Site "?"]
[Date "2018.02.10"]
[Round "7.1"]
[White "Forer, Erich"]
[Black "Feichter, Matthias"]
[Result "1/2-1/2"]
[WhiteElo "1848"]
[BlackElo "1546"]
[PlyCount "54"]
[EventDate "2018.02.10"]

1. d4 Nf6 2. Nf3 g6 3. c4 Bg7 4. Nc3 O-O 5. Bf4 d6 6. h3 Nbd7 7. e3 b6 8. Be2
Bb7 9. O-O Ne4 10. Qc2 Nxc3 11. bxc3 e5 12. Bg5 f6 13. Bh4 Qe8 14. Nd2 f5 15.
f3 exd4 16. exd4 Bh6 17. Nb3 d5 18. Rfe1 Qf7 19. cxd5 Bxd5 20. c4 Bb7 21. Bd3
Rfe8 22. Bf2 Bg7 23. Rad1 Rac8 24. Bf1 Kh8 25. Nd2 a5 26. Nb1 Ba6 27. Qa4 Nf6
1/2-1/2

[Event "Arci2-Taufers"]
[Site "?"]
[Date "2018.02.10"]
[Round "7.2"]
[White "Rizzardi, Roberto"]
[Black "Holzer, Philipp"]
[Result "0-1"]
[WhiteElo "1591"]
[BlackElo "1818"]
[PlyCount "66"]
[EventDate "2018.02.10"]

1. e4 e5 2. Nf3 Nf6 3. Bc4 Nxe4 4. Qe2 d5 5. Bb3 Bc5 6. O-O O-O 7. d3 Nf6 8.
Qxe5 Nc6 9. Qg3 Bd6 10. Qg5 h6 11. Qd2 Bg4 12. Qd1 Nd4 13. Nbd2 Qd7 14. c3 Nxb3
15. Nxb3 c5 16. Be3 b6 17. h3 Bh5 18. Kh1 g5 19. Rg1 g4 20. Bxh6 gxf3 21. Qd2
Kh7 22. g4 Rg8 23. Bf4 Bg6 24. Rg3 Rh8 25. Qe3 Kg7 26. Qxf3 Rae8 27. Rd1 Re6
28. Kg2 Ne4 29. Bxd6 Rxd6 30. Re1 Nxg3 31. Qxg3 Re6 32. f4 Rxe1 33. Qxe1 Bxd3
0-1

[Event "Arci2-Taufers"]
[Site "?"]
[Date "2018.02.10"]
[Round "7.3"]
[White "Haidacher, Gerold"]
[Black "Paltrinieri, Mario"]
[Result "0-1"]
[WhiteElo "1698"]
[BlackElo "1392"]
[PlyCount "63"]
[EventDate "2018.02.10"]

1. e4 e6 2. d4 d5 3. Nc3 dxe4 4. Nxe4 b6 5. c3 Bb7 6. Ng3 Nf6 7. Nf3 Be7 8.
Bb5+ c6 9. Bd3 O-O 10. O-O c5 11. Re1 Nc6 12. Be3 cxd4 13. Nxd4 Qd5 14. Bf1
Rad8 15. Qe2 Nxd4 16. Bxd4 Qg5 17. Rad1 Nd5 18. Qc2 Qh6 19. a3 f5 20. c4 Nc7
21. Be5 Na6 22. b4 Bh4 23. Ne2 Rxd1 24. Rxd1 Qg5 25. Nf4 Qh6 26. Rd6 Bc8 27. c5
Be7 28. Rd3 bxc5 29. b5 c4 30. Rh3 Qg5 31. Rg3 Qh4 32. Rxg7+ 0-1

[Event "Arci2-Taufers"]
[Site "?"]
[Date "2018.02.10"]
[Round "7.4"]
[White "Scarabello, Graziano"]
[Black "Flatscher, Tobias"]
[Result "0-1"]
[WhiteElo "1366"]
[BlackElo "1689"]
[PlyCount "79"]
[EventDate "2018.02.10"]

1. Nf3 d5 2. g3 c6 3. Bg2 Bf5 4. O-O e6 5. d3 Nf6 6. Nbd2 Be7 7. h3 h6 8. Qe1
O-O 9. e4 dxe4 10. dxe4 Bh7 11. a3 Nbd7 12. b4 Qc7 13. Bb2 c5 14. e5 Nd5 15. c4
N5b6 16. Qd1 cxb4 17. c5 Nxc5 18. Rc1 bxa3 19. Bxa3 Nba4 20. Nh2 Rad8 21. Ng4
Qa5 22. Nc4 Rxd1 23. Nxa5 Rxf1+ 24. Kxf1 Bd3+ 25. Kg1 Ba6 26. Nxb7 Bxb7 27.
Bxb7 Rb8 28. Bg2 Rb3 29. Bxc5 Bxc5 30. Rd1 Bb6 31. Bc6 Nc3 32. Rd2 a5 33. Kg2
a4 34. Rd3 a3 35. Ba4 a2 36. Bxb3 a1=Q 37. Rd6 Qa8+ 38. f3 Qb8 39. Nf2 Bxf2 40.
Kxf2 0-1

[Event "Arci2-Taufers"]
[Site "?"]
[Date "2018.02.10"]
[Round "7.5"]
[White "Stivaletta, Andrea"]
[Black "Borgese, Alessio"]
[Result "0-1"]
[WhiteElo "1643"]
[BlackElo "1398"]
[PlyCount "54"]
[EventDate "2018.02.10"]

1. e4 e5 2. Nf3 Nc6 3. Bc4 Nf6 4. d3 Be7 5. O-O d6 6. c3 Bg4 7. h3 Bh5 8. b4
Qd7 9. Re1 O-O 10. Nbd2 d5 11. exd5 Nxd5 12. Qb3 Nf4 13. Nxe5 Nxe5 14. Rxe5 Bd6
15. Re3 Rae8 16. Ne4 b5 17. Nxd6 Rxe3 18. Bxe3 bxc4 19. Nxc4 Ne2+ 20. Kh1 Qxd3
21. Ne5 Qd6 22. f4 Ng3+ 23. Kh2 Nf5 24. Bc5 Qd2 25. Rf1 Rd8 26. Rf2 Qe1 27. Qb2
Rd1 0-1